000 00425ntaaa2200181 4500
003 01
005 20251027203031.0
008 0714s1973 ag 01
040 _aAR-BaBN
_bspa
_cAR-BaBN
_eaacr
_dRIC
082 _a922.0000 L58
100 _aLewis, C. S
_92538
245 _aSurprised by joy
250 _a1 ed.
260 _aLondon :
_bCollins,
_c1955
300 _a190 p
500 _aAutobiografía del autor
942 _cBK
999 _c25699
_d25699